<?xml version="1.0" encoding="UTF-8"?>
<record
    xmlns:xsi="http://www.w3.org/2001/XMLSchema-instance"
    xsi:schemaLocation="http://www.loc.gov/MARC21/slim http://www.loc.gov/standards/marcxml/schema/MARC21slim.xsd"
    xmlns="http://www.loc.gov/MARC21/slim">

  <leader>00808nam a2200169Ia 4500</leader>
  <datafield tag="952" ind1=" " ind2=" ">
    <subfield code="0">0</subfield>
    <subfield code="1">0</subfield>
    <subfield code="4">0</subfield>
    <subfield code="7">0</subfield>
    <subfield code="a">22</subfield>
    <subfield code="b">22</subfield>
    <subfield code="d">2010-05-19</subfield>
    <subfield code="l">2</subfield>
    <subfield code="o">TNA GV1627 A84 2010</subfield>
    <subfield code="p">11 008527</subfield>
    <subfield code="r">2018-08-21</subfield>
    <subfield code="s">2018-08-21</subfield>
    <subfield code="t">1</subfield>
    <subfield code="w">2012-06-26</subfield>
    <subfield code="y">LB</subfield>
  </datafield>
  <datafield tag="999" ind1=" " ind2=" ">
    <subfield code="c">72583</subfield>
    <subfield code="d">72583</subfield>
  </datafield>
  <controlfield tag="008">190927bmx         a|||| |||| 00| 0 spa d</controlfield>
  <datafield tag="050" ind1=" " ind2=" ">
    <subfield code="a">TNA GV1627  </subfield>
    <subfield code="b"> A84 2010</subfield>
  </datafield>
  <datafield tag="100" ind1=" " ind2=" ">
    <subfield code="a">&#xC1;vila Zacarias, Rosalba Leonor</subfield>
    <subfield code="e">sustentante </subfield>
  </datafield>
  <datafield tag="245" ind1=" " ind2=" ">
    <subfield code="a">La danza educativa en M&#xE9;xico: una herramienta pedag&#xF3;gica (Nivel educaci&#xF3;n primaria)</subfield>
    <subfield code="c">/ tesina para obtener el t&#xED;tulo de Licenciado en Pedagog&#xED;a, presenta Rosalba Leonor &#xC1;vila Zacarias; asesor Salvador S&#xE1;nchez Hern&#xE1;ndez </subfield>
  </datafield>
  <datafield tag="260" ind1=" " ind2=" ">
    <subfield code="a">M&#xE9;xico </subfield>
    <subfield code="b">: s/ed. </subfield>
    <subfield code="c">, 2010</subfield>
  </datafield>
  <datafield tag="300" ind1=" " ind2=" ">
    <subfield code="a">83 p&#xE1;ginas </subfield>
    <subfield code="b">: tablas </subfield>
  </datafield>
  <datafield tag="519" ind1=" " ind2=" ">
    <subfield code="a"> </subfield>
    <subfield code="d"> </subfield>
  </datafield>
  <datafield tag="700" ind1=" " ind2=" ">
    <subfield code="a">S&#xE1;nchez Hern&#xE1;ndez, Salvador</subfield>
    <subfield code="e">asesor</subfield>
  </datafield>
  <datafield tag="710" ind1=" " ind2=" ">
    <subfield code="a">Universidad Nacional Aut&#xF3;noma de M&#xE9;xico </subfield>
    <subfield code="e">instituci&#xF3;n que otorga el t&#xED;tulo </subfield>
  </datafield>
  <datafield tag="710" ind1=" " ind2=" ">
    <subfield code="a">Universidad Insurgentes </subfield>
    <subfield code="d">Plantel Xola </subfield>
    <subfield code="e">entidad participante</subfield>
  </datafield>
  <datafield tag="942" ind1=" " ind2=" ">
    <subfield code="c">TESIS</subfield>
  </datafield>
</record>
